Law relating to drugs & cosmetics: (Record no. 116326)

MARC details
000 -LEADER
fixed length control field 00408nam a22001217a 4500
005 - DATE AND TIME OF LATEST TRANSACTION
control field 20260430134332.0
008 - FIXED-LENGTH DATA ELEMENTS--GENERAL INFORMATION
fixed length control field 260430b |||||||| |||| 00| 0 eng d
100 ## - MAIN ENTRY--PERSONAL NAME
Personal name Harigovind P. C., ed.
245 ## - TITLE STATEMENT
Title Law relating to drugs & cosmetics:
Remainder of title dimensions and dialectics
260 ## - PUBLICATION, DISTRIBUTION, ETC. (IMPRINT)
Place of publication, distribution, etc Kochi
Name of publisher, distributor, etc Directorate of Public Relations and Publications, School of Legal Studies, CUSAT
Date of publication, distribution, etc 2026
300 ## - PHYSICAL DESCRIPTION
Extent v,302p.
942 ## - ADDED ENTRY ELEMENTS (KOHA)
item type Under processing
Holdings
Lost status Source of classification or shelving scheme Not for loan Home library Current library Date acquired Total Checkouts Barcode Date last seen Price effective from Koha item type
  Universal Decimal Classification Not For Loan University Library University Library 28/04/2026   G0011583 30/04/2026 30/04/2026 Under processing
University Library, CUSAT